[Event "Druzynowe Mistrzostwa Polski Juniorow - I Liga"]
[Site "Centrum Wypoczynkowo-Szkoleniowe Gwarek, Ustron"]
[Date "1899-12-30"]
[Round "2.18"]
[White "Karlyk, Maria"]
[Black "Janiak, Izabela"]
[Result "1-0"]
[WhiteTitle "I"]
[BlackTitle "II"]
[WhiteElo "1392"]
[BlackElo "1142"]

1. e4 e5 2. Nf3 Nc6 3. d4 exd4 4. Nxd4 Bc5 5. Be3 Qf6 6. c3 Nge7 7. Be2 d6 8. a3
a5 9. O-O O-O 10. f4 Re8 11. Qd2 Bd7 12. Kh1 h6 13. Bc4 Ng6 14. e5 Qe7 15. Nxc6
Bxc6 16. Bxc5 dxc5 17. Bd5 Red8 18. c4 Rd7 19. Nc3 Rad8 20. Qe3 Bxd5 21. Nxd5
Qf8 22. Qg3 Kh8 23. Rad1 c6 24. Ne3 Rxd1 25. Nxd1 Rd7 26. f5 Ne7 27. f6 gxf6 28.
exf6 Nf5 29. Qf4 Nd4 30. Ne3 Rd6 31. Ng4 Kh7 32. Qe4+ Kh8 33. Qf4 Kh7 34. Re1
Ne6 35. Qf5+ Kh8 36. h3 Nd4 37. Qh5 Ne6 38. Nxh6 Nf4 39. Qg5 Nd3 40. Re8 Nf2+
41. Kh2 Ng4+ 42. Nxg4 Kh7 43. Rxf8 Rxf6 44. Nxf6# 1-0

[Event "Druzynowe Mistrzostwa Polski Juniorow - I Liga"]
[Site "Centrum Wypoczynkowo-Szkoleniowe Gwarek, Ustron"]
[Date "1899-12-30"]
[Round "2.19"]
[White "Czajkowski, Adam"]
[Black "Winiarski, Mikolaj"]
[Result "1-0"]
[WhiteTitle "I++"]
[BlackTitle "k"]
[WhiteElo "2073"]
[BlackElo "2160"]

1. e4 c5 2. Nf3 d6 3. d4 cxd4 4. Nxd4 Nf6 5. Nc3 a6 6. h3 e6 7. g4 Be7 8. Bg2 Qc7
9. O-O Nc6 10. b3 O-O 11. Bb2 Bd7 12. Nce2 b5 13. g5 Ne8 14. Qd2 Rc8 15. Nxc6
Qxc6 16. Rac1 Qc5 17. h4 f6 18. Bd4 Qc7 19. f4 e5 20. Be3 f5 21. exf5 Bxf5 22.
Ng3 Bd7 23. c4 exf4 24. Bxf4 Qc5+ 25. Kh2 bxc4 26. Rxc4 Qb5 27. Re1 Bd8 28. Qd5+
Kh8 29. Qxb5 axb5 30. Rxc8 Bxc8 31. Bc6 Nc7 32. Bxd6 Rg8 33. Nh5 Ne6 34. Re5 Nd4
35. Bd5 Bg4 36. Nf4 Nf3+ 37. Bxf3 Bxf3 38. Rxb5 h6 39. Rb8 hxg5 40. Ne6 Bf6 41.
Rxg8+ Kxg8 42. Nxg5 Bd5 43. Kg3 Bc3 44. Kf4 Be1 45. Kg4 g6 46. Be5 Bb7 47. Bg3
Bc8+ 48. Kf4 Bb4 49. Ne4 Kh7 50. Ke5 Bf5 51. Bf4 Ba3 52. Bg5 Kg7 53. Kd5 Kh7 54.
Nc3 Kg7 55. Nb5 Bb2 56. a4 Bc2 57. Kc4 Kf7 58. a5 Ke6 59. a6 Be5 60. b4 Be4 61.
Kc5 Kd7 62. Kb6 Kc8 63. Na3 Bc7+ 64. Kc5 Kb8 65. Nc4 Bg3 66. b5 Bf2+ 67. Kb4 Be1+
68. Ka4 Bf3 69. Nd2 Bd5 70. b6 Bg3 71. Kb5 Bf2 72. Nb1 Bd4 73. Na3 Bf2 74. Nc2
Bf3 75. Nb4 Be2+ 76. Ka5 Bf3 77. Nd3 Bd4 78. Kb5 Kc8 79. Nc5 Be2+ 80. Kc6 Bf3+
81. Kd6 Be2 82. b7+ 1-0

[Event "Druzynowe Mistrzostwa Polski Juniorow - I Liga"]
[Site "Centrum Wypoczynkowo-Szkoleniowe Gwarek, Ustron"]
[Date "1899-12-30"]
[Round "2.20"]
[White "Wisniewski, Jacek"]
[Black "Pniaczek, Marek"]
[Result "1-0"]
[WhiteTitle "I"]
[BlackTitle "I"]
[WhiteElo "1841"]
[BlackElo "1716"]

1. e4 e5 2. Nf3 Nc6 3. Bb5 a6 4. Ba4 Nf6 5. d3 d6 6. c3 Be7 7. O-O Bg4 8. h3 Bh5
9. Nbd2 O-O 10. Re1 Nd7 11. Nf1 Nc5 12. Bc2 Ne6 13. Ng3 Bg6 14. d4 Ng5 15. d5
Nb8 16. Nh2 h6 17. h4 Nh3+ 18. gxh3 Bxh4 19. Nf3 Be7 20. Kh1 Nd7 21. Rg1 Nf6 22.
Nh2 Qd7 23. Ng4 Kh8 24. Kh2 Rae8 25. Nxf6 Bxf6 26. Qg4 Qb5 27. Nh5 Bd8 28. f4
1-0

[Event "Druzynowe Mistrzostwa Polski Juniorow - I Liga"]
[Site "Centrum Wypoczynkowo-Szkoleniowe Gwarek, Ustron"]
[Date "1899-12-30"]
[Round "2.21"]
[White "Kucharska, Helena"]
[Black "Chylewski, Patryk"]
[Result "0-1"]
[WhiteTitle "II"]
[BlackTitle "k"]
[WhiteElo "1120"]
[BlackElo "2168"]

1. e4 c5 2. c3 d5 3. exd5 Qxd5 4. d4 Nc6 5. Nf3 Bg4 6. Be2 cxd4 7. cxd4 e6 8. Nc3
Bb4 9. O-O Qa5 10. Bd2 Nf6 11. a3 Bxc3 12. Bxc3 Qd8 13. Re1 O-O 14. Qc2 Rc8 15.
Qb1 Qb6 16. Bd3 Bxf3 17. gxf3 Nxd4 18. Bxd4 Qxd4 19. Qd1 Rfd8 20. Be2 Qf4 21.
Qb3 Rc5 22. Rad1 Rg5+ 23. Kf1 Nd5 24. Bc4 Qxh2 25. Bxd5 Rg1+ 26. Ke2 Rxe1+ 27.
Kxe1 Qe5+ 28. Be4 Rf8 29. Qe3 Qxb2 30. Qxa7 b5 31. Rb1 Qc3+ 32. Kf1 f5 33. Qd7
fxe4 34. Qxe6+ Kh8 35. Qxe4 Qxa3 36. Rxb5 Qa6 37. Qe2 h6 38. Kg2 Qg6+ 39. Kf1
Re8 40. Qc4 Rd8 41. Qe2 Rc8 42. Rd5 Ra8 43. Rd1 Qf5 44. Kg2 Qg5+ 45. Kf1 Rf8 46.
Rd2 Qf5 47. Kg2 h5 48. Rd1 Qg5+ 49. Kf1 h4 50. f4 Qxf4 51. Qh5+ Kg8 52. Qd5+ Rf7
53. Qd8+ Kh7 54. Qd3+ g6 55. Rd2 Qg4 56. Qb3 Rc7 57. Rd1 h3 58. Qb6 Qxd1# 0-1

[Event "Druzynowe Mistrzostwa Polski Juniorow - I Liga"]
[Site "Centrum Wypoczynkowo-Szkoleniowe Gwarek, Ustron"]
[Date "1899-12-30"]
[Round "2.22"]
[White "Maminski, Hubert"]
[Black "Musial, Tomasz"]
[Result "1-0"]
[WhiteTitle "I"]
[BlackTitle "II"]
[WhiteElo "1763"]
[BlackElo "1595"]

1. d4 d5 2. c4 e6 3. Nc3 Nf6 4. Nf3 Be7 5. e3 O-O 6. Bd3 b6 7. O-O Bb7 8. Qe2 Nbd7
9. Rd1 c6 10. b3 Qc7 11. Bb2 Rac8 12. Rac1 Qb8 13. e4 dxe4 14. Nxe4 c5 15. Neg5
h6 16. Ne4 Qa8 17. Nfd2 Nxe4 18. Bxe4 Nf6 19. Bxb7 Qxb7 20. Nf3 Nh5 21. g3 Nf6
22. Ne5 Rfd8 23. Rd3 Nd7 24. Ng4 Nf6 25. Rcd1 Nxg4 26. Qxg4 Bf6 27. Bc1 Kh7 28.
d5 exd5 29. cxd5 Bd4 30. Rxd4 cxd4 31. Qxd4 Rxc1 32. Rxc1 Qxd5 33. Qxd5 Rxd5 34.
Rc7 Ra5 35. a4 Kg6 36. Kf1 Kf6 37. Ke2 Re5+ 38. Kd3 a5 39. Kd4 Re2 40. Rc6+ Ke7
41. Rxb6 Rxf2 42. Rb5 Rxh2 43. Rxa5 Rh3 44. b4 Rxg3 45. Kc5 h5 46. b5 h4 47. b6
h3 48. b7 Rg5+ 49. Kb4 Rg1 50. Rb5 Rb1+ 51. Ka5 Rxb5+ 52. axb5 h2 53. b8=Q h1=Q
54. Qc7+ Ke6 55. Qc6+ Qxc6 56. bxc6 f5 57. Kb6 f4 58. c7 Ke5 59. c8=Q Ke4 60.
Qg4 Ke3 61. Qxg7 f3 62. Qe5+ Kd2 63. Qf4+ Ke2 64. Qe4+ Kf2 65. Kc5 Kg3 66. Kd4
f2 67. Qh1 Kg4 68. Qg2+ Kf5 1-0

[Event "Druzynowe Mistrzostwa Polski Juniorow - I Liga"]
[Site "Centrum Wypoczynkowo-Szkoleniowe Gwarek, Ustron"]
[Date "1899-12-30"]
[Round "2.23"]
[White "Pyzio, Amelia"]
[Black "Olechnicka, Karolina"]
[Result "0-1"]
[WhiteTitle "I"]
[BlackTitle "k++"]
[WhiteElo "1409"]
[BlackElo "1892"]

1. e4 c5 2. Nf3 d6 3. d4 cxd4 4. Nxd4 Nf6 5. f3 a6 6. c4 Nc6 7. Nc3 e6 8. Be3 Be7
9. Qd2 Qc7 10. Be2 O-O 11. O-O Ne5 12. Rac1 b6 13. Rfd1 Bb7 14. Nb3 Rfd8 15. Kh1
Rac8 16. Bf2 Ned7 17. Qe3 h6 18. Nd4 Ne5 19. b4 Nxc4 20. Bxc4 Qxc4 21. a3 Qc7
22. Nb3 Qc4 23. Nd2 Qc6 24. Qxb6 Nd7 25. Qxc6 Rxc6 26. Ne2 Rdc8 27. Nb3 Rc2 28.
Rxc2 Rxc2 29. Rd2 Rc8 30. Bd4 Bg5 31. Ra2 d5 32. f4 Be7 33. e5 f6 34. Kg1 Kf7
35. Rd2 fxe5 36. fxe5 Bg5 37. Ra2 Rc7 38. Kf1 Be7 39. Rd2 Bg5 40. Ra2 Bd8 41.
Ke1 Rc4 42. Kd1 Bc6 43. Ke1 Ba4 44. Nd2 Rc8 45. Nc3 Bc6 46. Nf3 Nb6 47. Rf2 Ke8
48. Ra2 g5 49. h3 Nc4 50. Ra1 Bb6 51. Ra2 Bd7 52. Bxb6 Nxb6 53. Ne2 Ba4 54. Kf2
Kf7 55. Ned4 Rc3 56. Ne2 Rd3 57. Ne1 Rb3 58. Nd4 Rc3 59. Ne2 Rc7 60. Nd3 Bb5 61.
Nc5 Nc4 62. a4 Be8 63. Nxa6 Ra7 64. b5 Nxe5 65. Nd4 Nc4 66. Rc2 e5 67. Nb3 Ke6
68. Nbc5+ Ke7 69. Rc1 Ra8 70. Rb1 Bg6 71. Ra1 Be8 72. Nc7 Rc8 73. N5a6 Kd6 74.
a5 Rxc7 75. Nxc7 Kxc7 76. b6+ Kb8 77. Rd1 d4 78. Ra1 Bc6 79. g3 e4 80. Rd1 d3
81. h4 g4 82. Rc1 e3+ 83. Kf1 d2 84. Ra1 Bf3 85. a6 d1=Q+ 86. Rxd1 Bxd1 87. Ke1
e2 88. h5 Ne5 0-1

[Event "Druzynowe Mistrzostwa Polski Juniorow - I Liga"]
[Site "Centrum Wypoczynkowo-Szkoleniowe Gwarek, Ustron"]
[Date "1899-12-30"]
[Round "2.24"]
[White "Moscicka, Pola"]
[Black "Kucharska, Honorata"]
[Result "0-1"]
[WhiteTitle "I"]
[BlackTitle "I++"]
[WhiteElo "1644"]
[BlackElo "1719"]

1. e4 e6 2. d4 d5 3. Nd2 Nf6 4. e5 Nfd7 5. Bd3 c5 6. c3 Nc6 7. Ne2 Qb6 8. Nf3 Be7
9. O-O f6 10. exf6 Nxf6 11. Re1 O-O 12. Bf4 cxd4 13. cxd4 Qxb2 14. Ng5 h6 15.
Nf3 Nh5 16. Be3 Nf6 17. Nf4 Qa3 18. Ng6 Re8 19. Nfe5 Bb4 20. Bc1 Qc3 21. Bxh6
Qxe1+ 22. Qxe1 Bxe1 23. Rxe1 gxh6 24. Nxc6 bxc6 25. Bf5 exf5 26. Rxe8+ Nxe8 0-1

[Event "Druzynowe Mistrzostwa Polski Juniorow - I Liga"]
[Site "Centrum Wypoczynkowo-Szkoleniowe Gwarek, Ustron"]
[Date "1899-12-30"]
[Round "2.25"]
[White "Kaczmarek, Aleksander"]
[Black "Januszkiewicz, Wojciech"]
[Result "1-0"]
[WhiteTitle "FM"]
[BlackTitle "I+"]
[WhiteElo "2238"]
[BlackElo "2025"]

1. e4 c5 2. Nf3 d6 3. d4 cxd4 4. Nxd4 Nf6 5. Nc3 g6 6. f4 Bg7 7. e5 Nh5 8. Bb5+
Bd7 9. e6 fxe6 10. Nxe6 Bxc3+ 11. bxc3 Qc8 12. Bxd7+ Kxd7 13. Ng5 Qxc3+ 14. Bd2
Qc5 15. Rb1 b6 16. Qg4+ Qf5 17. Qf3 Nc6 18. g4 Qc5 19. gxh5 Raf8 20. Qh3+ Rf5
21. hxg6 Nd4 22. g7 Rg8 23. c3 Qd5 24. Rf1 Qxa2 25. Rc1 Rc8 26. cxd4 1-0

[Event "Druzynowe Mistrzostwa Polski Juniorow - I Liga"]
[Site "Centrum Wypoczynkowo-Szkoleniowe Gwarek, Ustron"]
[Date "1899-12-30"]
[Round "2.26"]
[White "Lebiedowicz, Borys"]
[Black "Powalka, Michal"]
[Result "1-0"]
[WhiteTitle "II+"]
[BlackTitle "I++"]
[WhiteElo "1813"]
[BlackElo "1975"]

1. e4 e5 2. Nf3 Nc6 3. Bb5 a6 4. Ba4 Nf6 5. O-O Be7 6. d3 b5 7. Bb3 d6 8. a4 Bd7
9. Re1 O-O 10. Nbd2 Na5 11. Ba2 c5 12. Nf1 Qc7 13. Ne3 Rfc8 14. c3 c4 15. d4 Re8
16. Qe2 Bf8 17. dxe5 dxe5 18. Nf1 Bc6 19. Ng3 Nd7 20. Be3 Nc5 21. Bxc5 Bxc5 22.
Nd2 Rad8 23. b4 cxb3 24. Nxb3 Bb6 25. Nf5 Kh8 26. Nxa5 Bxa5 27. Qg4 f6 28. Re3
g6 29. Nh4 Qd7 30. Nxg6+ hxg6 31. Qxg6 Qd1+ 32. Re1 Qd2 33. Qxf6+ Kh7 34. Qxc6
Bxc3 35. Rac1 b4 36. Bf7 Rf8 37. Qg6+ Kh8 38. Rcd1 Qf4 39. Qh5+ Kg7 40. Qg6+ Kh8
41. Rxd8 Rxd8 42. g3 Qd2 43. Qf6+ Kh7 44. Bg6+ 1-0

[Event "Druzynowe Mistrzostwa Polski Juniorow - I Liga"]
[Site "Centrum Wypoczynkowo-Szkoleniowe Gwarek, Ustron"]
[Date "1899-12-30"]
[Round "2.27"]
[White "Paliwoda, Borys"]
[Black "Grzesik, Gracjan"]
[Result "1/2-1/2"]
[WhiteTitle "II"]
[BlackTitle "II+"]
[WhiteElo "1510"]
[BlackElo "1617"]

1. e4 c5 2. Nf3 d6 3. d4 Nf6 4. Bd3 cxd4 5. Nxd4 a6 6. c4 Nc6 7. Nb3 e6 8. O-O
Be7 9. Nc3 Qc7 10. Be3 b6 11. Rc1 Qd8 12. Qe2 Bb7 13. Rfd1 O-O 14. f4 Nd7 15.
Qg4 Rb8 16. Nd4 Bf6 17. Nxc6 Bxc6 18. b3 Qe7 19. Ne2 Nc5 20. Bxc5 bxc5 21. e5
dxe5 22. fxe5 Bg5 23. Rc3 f5 24. exf6 Qxf6 25. Rc2 Be3+ 26. Kh1 Qf1+ 27. Ng1 Qf6
28. Qh3 Qh6 29. Qxh6 Bxh6 30. Re1 Rbe8 31. Rce2 Rf6 32. Be4 Bxe4 33. Rxe4 Kf7
34. Nf3 Bf4 35. Ne5+ Bxe5 36. Rxe5 Rf5 37. a3 a5 38. g3 Kf6 39. R5e4 Rf3 40. R1e3
Rxe3 41. Rxe3 Rd8 42. Kg2 Rd2+ 43. Kh3 h5 44. a4 g5 45. Rf3+ Ke5 1/2-1/2

[Event "Druzynowe Mistrzostwa Polski Juniorow - I Liga"]
[Site "Centrum Wypoczynkowo-Szkoleniowe Gwarek, Ustron"]
[Date "1899-12-30"]
[Round "2.28"]
[White "Luczak, Filip"]
[Black "Anyz, Monika"]
[Result "1-0"]
[WhiteTitle "II+"]
[BlackTitle "II"]
[WhiteElo "1629"]
[BlackElo "1291"]

1. d4 d5 2. g3 e6 3. Bg2 Nf6 4. Nf3 Be7 5. O-O O-O 6. c4 Nbd7 7. cxd5 exd5 8. Nc3
b6 9. Ne5 Bb7 10. Qa4 Nxe5 11. dxe5 Nd7 12. Nxd5 Nc5 13. Qd1 c6 14. Nxe7+ Qxe7
15. Qd6 Qe8 16. Rd1 Ne6 17. Be3 Rd8 18. Qa3 Rxd1+ 19. Rxd1 Qc8 20. Qxa7 b5 21.
Bc5 Re8 22. Bd6 h6 23. a4 Ba6 24. Rc1 Qb7 25. Qxb7 Bxb7 26. axb5 Nd4 27. Rc5 Rc8
28. bxc6 Nxc6 29. b4 Nxb4 30. Rxc8+ Bxc8 31. Bxb4 Kh7 32. e4 g6 33. f4 Kg7 34.
Kf2 h5 35. Ke3 Be6 36. Kd4 Kg8 37. Bf1 Kg7 38. Bc4 Bh3 39. Kc5 Bg2 40. Bd5 Bh3
41. Kd6 Bg4 42. Ke7 Bh3 43. Bxf7 Bg4 44. e6 Bh3 45. Bc3+ Kh7 46. Kf8 Bxe6 47.
Bxe6 g5 48. Bf5+ 1-0

[Event "Druzynowe Mistrzostwa Polski Juniorow - I Liga"]
[Site "Centrum Wypoczynkowo-Szkoleniowe Gwarek, Ustron"]
[Date "1899-12-30"]
[Round "2.29"]
[White "Harazinska, Ewa"]
[Black "Czaplewska, Klara"]
[Result "0-1"]
[WhiteTitle "WFM"]
[BlackTitle "I++"]
[WhiteElo "2034"]
[BlackElo "1669"]

1. d4 d5 2. c4 e6 3. g3 Nf6 4. Bg2 Be7 5. Nf3 O-O 6. O-O Nbd7 7. Nc3 c6 8. Ne5
Qc7 9. Nxd7 Qxd7 10. cxd5 exd5 11. Rb1 Qc7 12. b4 Bf5 13. Rb3 a5 14. Bf4 Qc8 15.
Na4 Bd8 16. bxa5 Rxa5 17. Nb6 Bxb6 18. Rxb6 Rxa2 19. Qb3 Rxe2 20. Bf3 Re6 21.
Rxb7 Rfe8 22. Qb4 Bd3 23. Rc1 Qxb7 24. Qxb7 Re1+ 25. Kg2 Bf1+ 0-1

[Event "Druzynowe Mistrzostwa Polski Juniorow - I Liga"]
[Site "Centrum Wypoczynkowo-Szkoleniowe Gwarek, Ustron"]
[Date "1899-12-30"]
[Round "2.30"]
[White "Bienko, Jagoda"]
[Black "Harazinska, Magdalena"]
[Result "0-1"]
[WhiteTitle "II"]
[BlackTitle "I++"]
[WhiteElo "1242"]
[BlackElo "1857"]

1. d4 Nf6 2. Bg5 e6 3. e4 Be7 4. Bd3 h6 5. Bd2 c5 6. c3 Qb6 7. Na3 Nc6 8. Nc4 Qc7
9. Nf3 O-O 10. Rc1 d5 11. exd5 exd5 12. Nce5 Bd6 13. Nxc6 bxc6 14. O-O Bg4 15.
h3 Bh5 16. Be2 Rfe8 17. Be3 cxd4 18. Nxd4 Bg6 19. c4 Qb7 20. Qb3 Qxb3 21. Nxb3
Be5 22. Rcd1 Bxb2 23. cxd5 Nxd5 24. Bf3 Nxe3 25. fxe3 Rxe3 26. Bxc6 Rc8 27. Bd5
Bf6 28. Bf3 Rc2 29. Rf2 Rec3 30. Rd7 a6 31. Bd1 Rc7 32. Rxf7 Kxf7 33. Bxc2 Bxc2
34. Nd4 Bd3 35. Nf3 Rc1+ 36. Kh2 Kg6 37. Nh4+ Bxh4 0-1

[Event "Druzynowe Mistrzostwa Polski Juniorow - I Liga"]
[Site "Centrum Wypoczynkowo-Szkoleniowe Gwarek, Ustron"]
[Date "1899-12-30"]
[Round "3.1"]
[White "Januszkiewicz, Wojciech"]
[Black "Korpalski, Maciej"]
[Result "1/2-1/2"]
[WhiteTitle "I+"]
[BlackTitle "I"]
[WhiteElo "2025"]
[BlackElo "1838"]

1. e4 c5 2. Nf3 d6 3. d4 cxd4 4. Nxd4 Nf6 5. Nc3 Nc6 6. Bg5 e6 7. Qd2 a6 8. O-O-O
Be7 9. Bxf6 gxf6 10. f4 Bd7 11. Be2 Qa5 12. Nb3 Qc7 13. Bh5 b5 14. f5 O-O 15.
Qh6 Ne5 16. Rhe1 Kh8 17. Re3 Rg8 18. Rh3 Rg7 19. g4 b4 20. Ne2 Rc8 21. Nbd4 exf5
22. gxf5 Qc5 23. Nf4 Bd8 24. Rg3 Rxg3 25. Ng6+ Rxg6 26. fxg6 Nxg6 27. Bxg6 Qg5+
28. Qxg5 fxg5 29. Bxf7 Bf6 30. Nf5 Bxf5 31. exf5 Be5 32. h3 Bf4+ 33. Kb1 Kg7 34.
Be6 Rc5 35. Rd3 Re5 36. a3 bxa3 37. Rxa3 a5 38. Rd3 Rc5 39. c3 Kf6 40. Ka2 Be5
41. Kb3 1/2-1/2

[Event "Druzynowe Mistrzostwa Polski Juniorow - I Liga"]
[Site "Centrum Wypoczynkowo-Szkoleniowe Gwarek, Ustron"]
[Date "1899-12-30"]
[Round "3.2"]
[White "Holownia, Michal"]
[Black "Lebiedowicz, Borys"]
[Result "1/2-1/2"]
[WhiteTitle "II+"]
[BlackTitle "II+"]
[WhiteElo "1871"]
[BlackElo "1813"]

1. e4 e5 2. Nf3 Nc6 3. Bb5 a6 4. Ba4 d6 5. Bxc6+ bxc6 6. d4 exd4 7. Nxd4 c5 8.
Ne2 Nf6 9. c4 Be7 10. Nbc3 O-O 11. O-O c6 12. b3 a5 13. Qd3 Qc7 14. h3 Bb7 15.
Bf4 Rad8 16. Bh2 Rd7 17. Qe3 Qd8 18. e5 dxe5 19. Bxe5 Rd3 20. Qf4 Bc8 21. Rad1
a4 22. Rxd3 Qxd3 23. Nc1 Qg6 24. Nxa4 Bxh3 25. Qg3 Qxg3 26. Bxg3 Bf5 27. Re1 Rd8
28. f3 Kf8 29. Bf2 Nd7 30. Rd1 Ke8 31. Re1 Kf8 32. Rd1 Ke8 33. Re1 Kf8 34. Rd1
1/2-1/2

[Event "Druzynowe Mistrzostwa Polski Juniorow - I Liga"]
[Site "Centrum Wypoczynkowo-Szkoleniowe Gwarek, Ustron"]
[Date "1899-12-30"]
[Round "3.3"]
[White "Grzesik, Gracjan"]
[Black "Sernecki, Franciszek"]
[Result "1/2-1/2"]
[WhiteTitle "II+"]
[BlackTitle "I"]
[WhiteElo "1617"]
[BlackElo "1932"]

1. e4 c5 2. Nf3 e6 3. d4 cxd4 4. Nxd4 a6 5. Bd3 Nc6 6. Nxc6 dxc6 7. Nd2 e5 8. Nc4
Be6 9. O-O Bd6 10. a4 Bc7 11. Bd2 Nf6 12. Re1 b5 13. axb5 axb5 14. Rxa8 Qxa8 15.
Ne3 O-O 16. c4 Qb7 17. cxb5 cxb5 18. Bb4 Rc8 19. Qf3 Bb6 20. Nf5 Bxf5 21. Qxf5
Rd8 22. Bb1 Qc8 23. h3 Bd4 24. b3 Qc6 25. Qg5 Qe6 26. Qg3 Nh5 27. Qh4 Qf6 28.
Qxf6 Nxf6 29. Rc1 h6 30. Kf1 Bb2 31. Re1 Rd4 32. Bc5 Rd2 33. Bb4 Rd4 34. Bc5 Rd2
35. Bb4 Rd4 36. Bc5 1/2-1/2

[Event "Druzynowe Mistrzostwa Polski Juniorow - I Liga"]
[Site "Centrum Wypoczynkowo-Szkoleniowe Gwarek, Ustron"]
[Date "1899-12-30"]
[Round "3.4"]
[White "Kawaler, Adam"]
[Black "Luczak, Filip"]
[Result "1-0"]
[WhiteTitle "I"]
[BlackTitle "II+"]
[WhiteElo "1553"]
[BlackElo "1629"]

1. d4 Nf6 2. Nf3 e6 3. Bf4 d5 4. e3 Be7 5. h3 Nbd7 6. c4 O-O 7. Nc3 c6 8. Be2 Re8
9. O-O Nf8 10. Qc2 Ng6 11. Bh2 Bd6 12. Ne5 Bxe5 13. dxe5 Nd7 14. f4 Qb6 15. Qd2
Ne7 16. cxd5 Nxd5 17. Nxd5 exd5 18. Qd4 f6 19. Qxb6 axb6 20. e4 Ra4 21. exd5 fxe5
22. dxc6 bxc6 23. Bd1 Re4 24. Bb3+ Kh8 25. Bf7 Rd8 26. Rad1 Ba6 27. Rfe1 Rxe1+
28. Rxe1 exf4 29. Rd1 g5 30. g3 Kg7 31. Be6 Bc8 32. gxf4 gxf4 33. Bxf4 Kf6 34.
Bc7 Kxe6 35. Bxd8 b5 36. Bc7 c5 37. Rd6+ Kf5 38. Bb6 Ke5 39. Bxc5 Nxc5 40. Rc6
Bxh3 41. Rxc5+ Kd4 42. Rxb5 Be6 43. b3 Kc3 44. a4 h5 45. a5 h4 46. a6 h3 47. a7
Bxb3 48. a8=Q 1-0

[Event "Druzynowe Mistrzostwa Polski Juniorow - I Liga"]
[Site "Centrum Wypoczynkowo-Szkoleniowe Gwarek, Ustron"]
[Date "1899-12-30"]
[Round "3.5"]
[White "Czaplewska, Klara"]
[Black "Dmochowska, Agnieszka"]
[Result "0-1"]
[WhiteTitle "I++"]
[BlackTitle "WCM"]
[WhiteElo "1669"]
[BlackElo "1869"]

1. e4 c5 2. Nf3 d6 3. d4 cxd4 4. Nxd4 Nf6 5. Nc3 Nc6 6. Bc4 e5 7. Nf5 Be6 8. Bb3
Nxe4 9. Bxe6 fxe6 10. Nxg7+ Bxg7 11. Nxe4 O-O 12. Qxd6 Qh4 13. Ng3 Nd4 14. O-O
Rad8 15. Qc7 Ne2+ 16. Nxe2 Qxf2+ 0-1

[Event "Druzynowe Mistrzostwa Polski Juniorow - I Liga"]
[Site "Centrum Wypoczynkowo-Szkoleniowe Gwarek, Ustron"]
[Date "1899-12-30"]
[Round "3.6"]
[White "Frej, Zofia"]
[Black "Bienko, Jagoda"]
[Result "1-0"]
[WhiteTitle "I+"]
[BlackTitle "II"]
[WhiteElo "1823"]
[BlackElo "1242"]

1. e4 c5 2. Nf3 d6 3. c3 Nf6 4. h3 g6 5. Bd3 Bg7 6. Bc2 Nc6 7. O-O O-O 8. d4 d5
9. e5 Ne4 10. Re1 Qb6 11. Bxe4 dxe4 12. Rxe4 Bf5 13. Rh4 Rad8 14. Qe2 Rd7 15.
Be3 Rfd8 16. Na3 Be6 17. dxc5 Qc7 18. Bd4 Bd5 19. e6 Bxe6 20. Bxg7 Kxg7 21. Nb5
Qb8 22. Nbd4 Bd5 23. Qe3 Rh8 24. Qh6+ Kg8 25. b3 Nxd4 26. Rxd4 Qc7 27. Rad1 Bc6
28. Rxd7 Bxd7 29. c4 f6 30. Qd2 Bc6 31. Nd4 Kf7 32. Nxc6 Qxc6 33. Qd5+ Qxd5 34.
Rxd5 Ke6 35. Kf1 Rc8 36. Ke2 Rc7 37. Kd3 Rd7 38. Kd4 h5 39. b4 a6 40. a4 f5 41.
Rxd7 Kxd7 42. Kd5 g5 43. b5 a5 44. Ke5 e6 45. Kf6 g4 46. Kg5 gxh3 47. gxh3 h4
48. Kxh4 e5 49. Kg5 Ke6 50. h4 f4 51. h5 f3 52. h6 e4 53. Kf4 1-0

[Event "Druzynowe Mistrzostwa Polski Juniorow - I Liga"]
[Site "Centrum Wypoczynkowo-Szkoleniowe Gwarek, Ustron"]
[Date "1899-12-30"]
[Round "3.7"]
[White "Winiarski, Mikolaj"]
[Black "Kaczmarek, Aleksander"]
[Result "0-1"]
[WhiteTitle "k"]
[BlackTitle "FM"]
[WhiteElo "2160"]
[BlackElo "2238"]

1. e4 c6 2. d4 d5 3. Nc3 dxe4 4. Nxe4 Nd7 5. Bc4 Ngf6 6. Ng5 e6 7. Qe2 Nb6 8. Bd3
h6 9. N5f3 c5 10. dxc5 Bxc5 11. Ne5 Nbd7 12. Ngf3 Qc7 13. g4 Nxe5 14. Nxe5 Bxf2+
15. Kd1 Bc5 16. Rf1 Bd6 17. Bf4 Bd7 18. Bg3 Rf8 19. Kd2 O-O-O 20. Rad1 Qa5+ 21.
Kc1 Qxa2 22. c3 Ba4 23. Rd2 Bb3 24. Bb1 Qa1 25. Nxf7 Rxf7 26. Rxd6 Rxd6 27. Bxd6
Ba2 28. Kc2 Bxb1+ 29. Rxb1 Qa4+ 30. b3 Qxg4 31. Re1 Qxe2+ 32. Rxe2 Kd7 33. Bg3
Nd5 34. c4 Nf4 35. Rd2+ Ke7 36. Bf2 a6 37. Bd4 g5 38. Kc3 Ng6 39. Kb4 e5 40. Bc5+
Ke6 41. Rd6+ Kf5 42. Ka5 h5 43. Kb6 g4 44. Rd1 h4 45. Bd6 g3 46. hxg3 hxg3 47.
Bc7 g2 48. Kxb7 Kg4 49. Rg1 Kh3 0-1

[Event "Druzynowe Mistrzostwa Polski Juniorow - I Liga"]
[Site "Centrum Wypoczynkowo-Szkoleniowe Gwarek, Ustron"]
[Date "1899-12-30"]
[Round "3.8"]
[White "Powalka, Michal"]
[Black "Wisniewski, Jacek"]
[Result "1-0"]
[WhiteTitle "I++"]
[BlackTitle "I"]
[WhiteElo "1975"]
[BlackElo "1841"]

1. e4 e5 2. f4 exf4 3. Bc4 d5 4. exd5 Qh4+ 5. Kf1 g5 6. Nf3 Qh5 7. d4 Bg7 8. Nc3
Ne7 9. Qe2 g4 10. Ne5 O-O 11. Bxf4 Ng6 12. Bg3 Re8 13. Re1 Nxe5 14. dxe5 Bxe5
15. Bxe5 Nd7 16. Qf2 Rxe5 17. Rxe5 Nxe5 18. Bb3 Bf5 19. Qg3 Re8 20. Kf2 Qg6 21.
Re1 Bxc2 22. Rxe5 Qf6+ 23. Kg1 Rxe5 24. Bxc2 h5 25. h3 Qb6+ 26. Kf1 Re3 27. Qf4
g3 28. Bb3 Kg7 29. d6 cxd6 30. Qxf7+ Kh6 31. Qf8+ Kg5 32. h4+ Kg4 33. Bd1+ 1-0

[Event "Druzynowe Mistrzostwa Polski Juniorow - I Liga"]
[Site "Centrum Wypoczynkowo-Szkoleniowe Gwarek, Ustron"]
[Date "1899-12-30"]
[Round "3.9"]
[White "Chylewski, Patryk"]
[Black "Paliwoda, Borys"]
[Result "1-0"]
[WhiteTitle "k"]
[BlackTitle "II"]
[WhiteElo "2168"]
[BlackElo "1510"]

1. d4 d5 2. c4 Bf5 3. Nc3 e6 4. Nf3 Nf6 5. Bg5 Be7 6. e3 O-O 7. Be2 h6 8. Bh4 Nbd7
9. O-O Nb6 10. cxd5 Nbxd5 11. Nxd5 Nxd5 12. Bxe7 Qxe7 13. Ne5 f6 14. Nd3 c6 15.
Bf3 Bg6 16. e4 Nb6 17. Nf4 Bf7 18. Qc2 Rad8 19. Rfd1 e5 20. dxe5 Qxe5 21. Nd3
Qe7 22. Qc5 Qc7 23. b3 Rfe8 24. g3 a6 25. Qa5 Na8 26. Qxc7 Nxc7 27. Nc5 b6 28.
Na4 b5 29. Nc5 Bg6 30. Kf1 a5 31. Rxd8 Rxd8 32. Nb7 Re8 33. Nxa5 Bxe4 34. Bxe4
Rxe4 35. Nxc6 Nd5 36. Rc1 Ne7 37. Na7 Re5 38. Re1 Rxe1+ 39. Kxe1 b4 40. Kd2 Nd5
41. Nc6 Kf7 42. Kd3 Ke6 43. Kc4 Nc3 44. Nxb4 Ne4 45. Nd3 Kd6 46. h4 f5 47. b4
g5 48. hxg5 hxg5 49. a4 Nd2+ 50. Kd4 Nb3+ 51. Kc3 f4 52. gxf4 gxf4 53. Kxb3 f3
54. b5 Kd7 55. a5 Kd6 56. Kc4 Kd7 57. a6 Kc7 58. Kc5 Kd7 59. a7 Kc7 60. a8=Q Kd7
61. Kd5 Kc7 62. Qc6+ Kb8 63. Nc5 Ka7 64. Qb7# 1-0

[Event "Druzynowe Mistrzostwa Polski Juniorow - I Liga"]
[Site "Centrum Wypoczynkowo-Szkoleniowe Gwarek, Ustron"]
[Date "1899-12-30"]
[Round "3.10"]
[White "Anyz, Monika"]
[Black "Maminski, Hubert"]
[Result "1-0"]
[WhiteTitle "II"]
[BlackTitle "I"]
[WhiteElo "1291"]
[BlackElo "1763"]

1. e4 c6 2. d4 d5 3. Nc3 dxe4 4. Nxe4 Bf5 5. Ng3 Bg6 6. Nf3 Nd7 7. h4 h6 8. h5
Bh7 9. Bd3 Bxd3 10. Qxd3 Qc7 11. Bd2 Ngf6 12. O-O-O O-O-O 13. Kb1 e6 14. Rhe1
Bd6 15. Ne5 Nxe5 16. dxe5 Bxe5 17. Qf3 Rd7 18. Bb4 Rhd8 19. Rc1 Rd5 20. Rh1 Qb6
21. Ba3 Rd2 22. Rhf1 R8d5 23. Ne2 Bd6 24. Nf4 Bxa3 25. Qxa3 Rd8 26. Nd3 Re2 27.
Rcd1 Kb8 28. Nc5 Re5 29. Rxd8+ Qxd8 30. Qg3 Qd6 31. Nd3 Rd5 32. Qxd6+ Rxd6 33.
Re1 Nxh5 34. Ne5 f6 35. Ng6 f5 36. Kc1 e5 37. Nxe5 Kc7 38. Nc4 Rd7 39. Re5 g6
40. g3 b5 41. Na5 Nf6 42. Re6 Rd6 43. Re7+ Kb6 44. b4 Ne4 45. c4 c5 46. Rb7+ Ka6
47. cxb5# 1-0